<?xml version="1.0" encoding="UTF-8"?>
<record
    xmlns:xsi="http://www.w3.org/2001/XMLSchema-instance"
    xsi:schemaLocation="http://www.loc.gov/MARC21/slim http://www.loc.gov/standards/marcxml/schema/MARC21slim.xsd"
    xmlns="http://www.loc.gov/MARC21/slim">

  <leader>00477nam a2200181   4500</leader>
  <controlfield tag="003">SEACOMEC</controlfield>
  <controlfield tag="005">20250117123027.0</controlfield>
  <controlfield tag="008">250117b        |||||||| |||| 00| 0 eng d</controlfield>
  <datafield tag="020" ind1=" " ind2=" ">
    <subfield code="a">978-0074622353</subfield>
    <subfield code="c">375.00</subfield>
  </datafield>
  <datafield tag="040" ind1=" " ind2=" ">
    <subfield code="a">SEACOMEC</subfield>
  </datafield>
  <datafield tag="082" ind1=" " ind2=" ">
    <subfield code="a">621.3916</subfield>
    <subfield code="b">M262</subfield>
  </datafield>
  <datafield tag="100" ind1=" " ind2=" ">
    <subfield code="a">Malvino, Albert  P.</subfield>
  </datafield>
  <datafield tag="245" ind1=" " ind2=" ">
    <subfield code="a">Digital Computer Electronics/ </subfield>
    <subfield code="c">Albert P.  Malvino &amp; Jerald A. Brown </subfield>
  </datafield>
  <datafield tag="250" ind1=" " ind2=" ">
    <subfield code="a">3rd ed.</subfield>
  </datafield>
  <datafield tag="260" ind1=" " ind2=" ">
    <subfield code="a">New Delhi</subfield>
    <subfield code="b">TMH</subfield>
    <subfield code="c">1993</subfield>
  </datafield>
  <datafield tag="300" ind1=" " ind2=" ">
    <subfield code="a">522 p</subfield>
  </datafield>
  <datafield tag="942" ind1=" " ind2=" ">
    <subfield code="c">BOOK</subfield>
  </datafield>
  <datafield tag="952" ind1=" " ind2=" ">
    <subfield code="0">0</subfield>
    <subfield code="1">0</subfield>
    <subfield code="2">ddc</subfield>
    <subfield code="4">0</subfield>
    <subfield code="7">0</subfield>
    <subfield code="a">SEACOMEC</subfield>
    <subfield code="b">SEACOMEC</subfield>
    <subfield code="d">2008-07-24</subfield>
    <subfield code="l">0</subfield>
    <subfield code="o">621.3916 M262</subfield>
    <subfield code="p">11891</subfield>
    <subfield code="r">2025-01-17 12:29:34</subfield>
    <subfield code="w">2025-01-17</subfield>
    <subfield code="y">REF</subfield>
  </datafield>
  <datafield tag="952" ind1=" " ind2=" ">
    <subfield code="0">0</subfield>
    <subfield code="1">0</subfield>
    <subfield code="2">ddc</subfield>
    <subfield code="4">0</subfield>
    <subfield code="7">0</subfield>
    <subfield code="a">SEACOMEC</subfield>
    <subfield code="b">SEACOMEC</subfield>
    <subfield code="d">2008-07-24</subfield>
    <subfield code="l">0</subfield>
    <subfield code="o">621.3916 M262</subfield>
    <subfield code="p">11892</subfield>
    <subfield code="r">2025-01-17 12:29:34</subfield>
    <subfield code="t">1</subfield>
    <subfield code="w">2025-01-17</subfield>
    <subfield code="y">BOOK</subfield>
  </datafield>
  <datafield tag="952" ind1=" " ind2=" ">
    <subfield code="0">0</subfield>
    <subfield code="1">0</subfield>
    <subfield code="2">ddc</subfield>
    <subfield code="4">0</subfield>
    <subfield code="7">0</subfield>
    <subfield code="a">SEACOMEC</subfield>
    <subfield code="b">SEACOMEC</subfield>
    <subfield code="d">2008-07-24</subfield>
    <subfield code="l">0</subfield>
    <subfield code="o">621.3916 M262</subfield>
    <subfield code="p">11893</subfield>
    <subfield code="r">2025-01-17 12:29:34</subfield>
    <subfield code="t">2</subfield>
    <subfield code="w">2025-01-17</subfield>
    <subfield code="y">BOOK</subfield>
  </datafield>
  <datafield tag="952" ind1=" " ind2=" ">
    <subfield code="0">0</subfield>
    <subfield code="1">0</subfield>
    <subfield code="2">ddc</subfield>
    <subfield code="4">0</subfield>
    <subfield code="7">0</subfield>
    <subfield code="a">SEACOMEC</subfield>
    <subfield code="b">SEACOMEC</subfield>
    <subfield code="d">2008-07-24</subfield>
    <subfield code="l">0</subfield>
    <subfield code="o">621.3916 M262</subfield>
    <subfield code="p">11894</subfield>
    <subfield code="r">2025-01-17 12:29:34</subfield>
    <subfield code="t">3</subfield>
    <subfield code="w">2025-01-17</subfield>
    <subfield code="y">BOOK</subfield>
  </datafield>
  <datafield tag="952" ind1=" " ind2=" ">
    <subfield code="0">0</subfield>
    <subfield code="1">0</subfield>
    <subfield code="2">ddc</subfield>
    <subfield code="4">0</subfield>
    <subfield code="7">0</subfield>
    <subfield code="a">SEACOMEC</subfield>
    <subfield code="b">SEACOMEC</subfield>
    <subfield code="d">2008-09-16</subfield>
    <subfield code="l">0</subfield>
    <subfield code="o">621.3916 M262</subfield>
    <subfield code="p">13352</subfield>
    <subfield code="r">2025-02-20 15:34:28</subfield>
    <subfield code="t">4</subfield>
    <subfield code="w">2025-02-20</subfield>
    <subfield code="y">BOOK</subfield>
  </datafield>
  <datafield tag="952" ind1=" " ind2=" ">
    <subfield code="0">0</subfield>
    <subfield code="1">0</subfield>
    <subfield code="2">ddc</subfield>
    <subfield code="4">0</subfield>
    <subfield code="7">0</subfield>
    <subfield code="a">SEACOMEC</subfield>
    <subfield code="b">SEACOMEC</subfield>
    <subfield code="d">2008-09-16</subfield>
    <subfield code="l">0</subfield>
    <subfield code="o">621.3916 M262</subfield>
    <subfield code="p">13353</subfield>
    <subfield code="r">2025-02-20 15:34:28</subfield>
    <subfield code="t">5</subfield>
    <subfield code="w">2025-02-20</subfield>
    <subfield code="y">BOOK</subfield>
  </datafield>
  <datafield tag="952" ind1=" " ind2=" ">
    <subfield code="0">0</subfield>
    <subfield code="1">0</subfield>
    <subfield code="2">ddc</subfield>
    <subfield code="4">0</subfield>
    <subfield code="7">0</subfield>
    <subfield code="a">SEACOMEC</subfield>
    <subfield code="b">SEACOMEC</subfield>
    <subfield code="d">2008-09-16</subfield>
    <subfield code="l">0</subfield>
    <subfield code="o">621.3916 M262</subfield>
    <subfield code="p">13354</subfield>
    <subfield code="r">2025-02-20 15:34:28</subfield>
    <subfield code="t">6</subfield>
    <subfield code="w">2025-02-20</subfield>
    <subfield code="y">BOOK</subfield>
  </datafield>
  <datafield tag="952" ind1=" " ind2=" ">
    <subfield code="0">0</subfield>
    <subfield code="1">0</subfield>
    <subfield code="2">ddc</subfield>
    <subfield code="4">0</subfield>
    <subfield code="7">0</subfield>
    <subfield code="a">SEACOMEC</subfield>
    <subfield code="b">SEACOMEC</subfield>
    <subfield code="d">2008-09-13</subfield>
    <subfield code="l">0</subfield>
    <subfield code="o">621.3916 M262</subfield>
    <subfield code="p">13375</subfield>
    <subfield code="r">2025-02-20 15:52:47</subfield>
    <subfield code="t">7</subfield>
    <subfield code="w">2025-02-20</subfield>
    <subfield code="y">BOOK</subfield>
  </datafield>
  <datafield tag="952" ind1=" " ind2=" ">
    <subfield code="0">0</subfield>
    <subfield code="1">0</subfield>
    <subfield code="2">ddc</subfield>
    <subfield code="4">0</subfield>
    <subfield code="7">0</subfield>
    <subfield code="a">SEACOMEC</subfield>
    <subfield code="b">SEACOMEC</subfield>
    <subfield code="d">2008-09-13</subfield>
    <subfield code="l">0</subfield>
    <subfield code="o">621.3916 M262</subfield>
    <subfield code="p">13376</subfield>
    <subfield code="r">2025-02-20 15:52:47</subfield>
    <subfield code="t">8</subfield>
    <subfield code="w">2025-02-20</subfield>
    <subfield code="y">BOOK</subfield>
  </datafield>
  <datafield tag="952" ind1=" " ind2=" ">
    <subfield code="0">0</subfield>
    <subfield code="1">0</subfield>
    <subfield code="2">ddc</subfield>
    <subfield code="4">0</subfield>
    <subfield code="7">0</subfield>
    <subfield code="a">SEACOMEC</subfield>
    <subfield code="b">SEACOMEC</subfield>
    <subfield code="d">2008-09-13</subfield>
    <subfield code="l">0</subfield>
    <subfield code="o">621.3916 M262</subfield>
    <subfield code="p">13377</subfield>
    <subfield code="r">2025-02-20 15:52:47</subfield>
    <subfield code="t">9</subfield>
    <subfield code="w">2025-02-20</subfield>
    <subfield code="y">BOOK</subfield>
  </datafield>
  <datafield tag="999" ind1=" " ind2=" ">
    <subfield code="c">1940</subfield>
    <subfield code="d">1940</subfield>
  </datafield>
</record>
